Pru helps turn on the housing tap (Record no. 117385)

MARC details
000 -LEADER
fixed length control field 01530cam a2200241 4500
001 - CONTROL NUMBER
control field ABS67842
008 - FIXED-LENGTH DATA ELEMENTS--GENERAL INFORMATION
fixed length control field 040524n2004 000 0 eng u
035 ## - SYSTEM CONTROL NUMBER
System control number (Sirsi) u126262
100 ## - MAIN ENTRY--PERSONAL NAME
Personal name Cockram, A.
245 ## - TITLE STATEMENT
Title Pru helps turn on the housing tap
260 ## - PUBLICATION, DISTRIBUTION, ETC.
-- 2004
490 ## - SERIES STATEMENT
Series statement Estates Gazette
Volume/sequential designation (0419) 8 May 2004, 52-55(4)
520 ## - SUMMARY, ETC.
Summary, etc. Focuses on Prudential's large-scale, mixed-use development, Kennet Valley Park in Reading, in the context of major, long-term plans being put together across southeast England by developers. The Prudential has been involved in Reading's expansion since land was first acquired in 1987 followed by the development of the GreenPark site from 1997. Prudential plans to start work on Kennet Valley Park in 2011 with completion of the second phase by 2031. The scheme masterplanned by the celebrated Danish architect Henning Larsens Tegnestue and to be entirely funded by the Prudential, will eventually accommodate more than 16 000 people with the end value of the land alone estimated at £700m. Looks at the reasons why the largest commercial developers are moving into large-scale residential schemes. Just four current projects will provide a fifth of the homes required to meet the government's southeast England home building target.
590 ## - LOCAL NOTE (RLIN)
Local note ABS
590 ## - LOCAL NOTE (RLIN)
Local note ABS
650 ## - SUBJECT ADDED ENTRY--TOPICAL TERM
Topical term or geographic name entry element MASTERPLANS
650 ## - SUBJECT ADDED ENTRY--TOPICAL TERM
Topical term or geographic name entry element LARGE-SCALE DEVELOPMENT
650 ## - SUBJECT ADDED ENTRY--TOPICAL TERM
Topical term or geographic name entry element MIXED-USE SCHEMES
650 ## - SUBJECT ADDED ENTRY--TOPICAL TERM
Topical term or geographic name entry element READING
650 ## - SUBJECT ADDED ENTRY--TOPICAL TERM
Topical term or geographic name entry element KENNET VALLEY PARK
690 ## - LOCAL SUBJECT ADDED ENTRY--TOPICAL TERM (OCLC, RLIN)
Topical term or geographic name as entry element HOUSING-DEVELOPMENT
942 ## - ADDED ENTRY ELEMENTS (KOHA)
Suppress in OPAC 0
Holdings
Withdrawn status Lost status Source of classification or shelving scheme Damaged status Not for loan Home library Current library Shelving location Date acquired Total Checkouts Full call number Barcode Date last seen Copy number Price effective from Koha item type
    Dewey Decimal Classification     London London Journal article 24/05/2004   ABS67842 126262-1001 06/08/2019 1 06/08/2019 Journal article